第2回WBCメンバー - Statistics

General Stats
  • This quiz has been taken 793 times
  • The average score is 16 of 28
Answer Stats
ポジション チーム 背番号 Answer % Correct
マリナーズ 51 イチロー
93%
投手 日ハム 11 ダルビッシュ有
92%
捕手 マリナーズ 2 城島健司
82%
巨人 10 阿部慎之助
80%
楽天 15 田中将大
77%
レッドソックス 18 松坂大輔
76%
ヤクルト 23 青木宣親
75%
横浜 25 村田修一
69%
楽天 20 岩隈久志
66%
阪神 22 藤川球児
66%
ソフトバンク 47 杉内俊哉
64%
外野手 カブス 1 福留孝介
64%
日ハム 41 稲葉篤紀
62%
ソフトバンク 52 川崎宗則
61%
西武 6 中島裕之
55%
内野手 広島 5 栗原健太
51%
巨人 26 内海哲也
50%
西武 16 涌井秀章
49%
巨人 9 小笠原道大
49%
ロッテ 31 渡辺俊介
44%
広島 29 石原慶幸
43%
西武 7 片岡易之
41%
巨人 35 亀井義行
39%
巨人 39 山口鉄也
36%
オリックス 28 小松聖
35%
ソフトバンク 14 馬原孝浩
27%
阪神 19 岩田稔
24%
レイズ 8 岩村憲明
11%
No matching quizzes found
Score Distribution
Percent of People with Each Score
Percentile by Number Answered
Your Score History
You have not taken this quiz